🤕 "Is there a doctor in the house?" - Statistics

General Stats
  • This quiz has been taken 10 times
    5 since last reset
  • The average score is 10 of 15
Answer Stats
Prefix Clue Answer % Correct
Dr Played by Oscar winner Rex Harrison, talking to animals Dolittle
100%
Doc World famous shoes and boots Marten
100%
Dr Subject : childcare, often mixed up with a certain Star Trek character Spock
100%
Doctor Timelord Who
100%
Doctor He went to Gloucester Foster
80%
Doc Friend of Wyatt Earp, gunfighter and dentist Holliday
80%
Dr Had a hit single with "Sylvia's Mother" Hook
80%
Dr TV doctor, played by Richard Chamberlain Kildare
80%
Dr Available in regular and zero variates, owned by Coca-Colaâ„¢ Pepper
80%
Dr On Eastenders at the start Legg
60%
Doc Back to the Future time-traveller alongside Michael J Fox Brown
40%
Dr Aboard the Enterprise (in STTNG) Crusher
40%
Dr One of the Goodies Graeme Garden
40%
Dr Epic movie, shown every bank holiday, in the UK Zhivago
40%
Dr Large food multi-national organisation. Products include Pizza Ristorante Oetker
20%
No matching quizzes found
Score Distribution
Percent of People with Each Score
Percentile by Number Answered
Your Score History
You have not taken this quiz since the last reset